Globalizácia prírody či globalizácia kultúry?

Vymedzenie pojmu globalizácia. Veľa významov pojmu globalizácia. Najdôležitejším významovým aspektom globalizácie je jej celosvetový charakter a vplyv na vývoj ľudstva a jeho životného prostredia. "Globalizovaná" príroda? Globalizovaná kultúra. Môže globalizácia prispieť k riešeniu ekologickej krízy...

Ausführliche Beschreibung

Gespeichert in:
Bibliographische Detailangaben
1. Verfasser: Timko, Marek
Format: Buchkapitel
Sprache:Slowakisch
Schlagworte:
Tags: Tag hinzufügen
Keine Tags, Fügen Sie das erste Tag hinzu!

MARC

LEADER 00000naa$a2200000$$$4500
001 0056159
005 20230928075044.0
041 0 |a slo 
044 |a SK 
245 1 0 |a Globalizácia prírody či globalizácia kultúry?  |c Marek Timko 
520 |a Vymedzenie pojmu globalizácia. Veľa významov pojmu globalizácia. Najdôležitejším významovým aspektom globalizácie je jej celosvetový charakter a vplyv na vývoj ľudstva a jeho životného prostredia. "Globalizovaná" príroda? Globalizovaná kultúra. Môže globalizácia prispieť k riešeniu ekologickej krízy? Možné riešenia, aj keď nie sú jednoduché, má ľudstvo len a len vo vlastných rukách. 
610 2 0 |a globalizácia 
610 2 0 |a príroda 
610 2 0 |a kultúra 
610 2 0 |a kríza 
610 2 0 |a ekológia 
610 2 0 |a ochrana prostredia životného 
100 1 |a Timko, Marek